000 00987cam a2200301 i 4500
001 24088
003 Mx-PuUPA
005 20230925105035.0
008 140415s1993 mx r 000 0 spa d
020 _a9682303168
040 _aMx-PuUPA
_bspa
_cMx-PuUPA
_dMx-PuUPA
_erda
041 0 _aspa
100 1 _aRobles, Martha,
_98707
_eautor
245 1 0 _aEducación y sociedad en la historia de México /
_cpor Martha Robles
250 _aDecimotercera edición
264 1 _aMéxico, D.F. :
_bSiglo xxi Editores,
_c1993
300 _a262 páginas ;
_c18 cm
336 _2rdacontent
_atexto
_btxt
337 _2rdamedia
_asin medio
_bn
338 _2rdacarrier
_avolumen
_bnc
490 0 _aEducación
650 7 _aEducación
_zMéxico
_2armarc
650 7 _aEducación y Estado
_zMéxico
_2armarc
942 _2ddc
_cLI
_h370.972
_iR628
999 _c24088
_d24088